Берельский курган (Запись № 322285)

Подробности
000 -МАРКЕР
контрольное поле 01325nam0a2200313 4500
001 - ИДЕНТИФИКАТОР ЗАПИСИ
контрольное поле RU\NLR\bibl\970173
005 - ИДЕНТИФИКАТОР ВЕРСИИ
контрольное поле 20250614211121.0
035 ## - ДРУГИЕ СИСТЕМНЫЕ НОМЕРА
Идентификатор записи (NLR Aleph) 000958139
100 ## - ДАННЫЕ ОБЩЕЙ ОБРАБОТКИ
Данные общей обработки 20060724d2004 |||y0rusy50 ca
101 0# - ЯЗЫК РЕСУРСА
Язык текста, звукозаписи и т.д. русский
102 ## - СТРАНА ПУБЛИКАЦИИ ИЛИ ПРОИЗВОДСТВА
Страна публикации российская федерация
106 ## - ПОЛЕ КОДИРОВАННЫХ ДАННЫХ: ТЕКСТОВЫЕ РЕСУРСЫ – ФОРМА
Форма ресурса: кодированные данные: обозначение носителя s
200 1# - ЗАГЛАВИЕ И СВЕДЕНИЯ ОБ ОТВЕТСТВЕННОСТИ
Основное заглавие Берельский курган
Общее обозначение материала Электроннный ресурс
Сведения, относящиеся к заглавию мультимедийная презентация
Первые сведения об ответственности разраб.: Гайдин Олег Мстиславович [и др.]
210 ## - ПУБЛИКАЦИЯ, РАСПРОСТРАНЕНИЕ И ДР.
Место издания, распространения и т.д. Алматы
Имя издателя, распространителя и т. д. RGB-studio
Дата издания, распространения и т.д. 2004
215 ## - ФИЗИЧЕСКАЯ ХАРАКТЕРИСТИКА
Специфическое обозначение материала и объем 1 электрон. опт. диск (CD-ROM)
Размеры 12
230 ## - ОБЛАСТЬ СПЕЦИФИЧЕСКИХ СВЕДЕНИЙ: ЭЛЕКТРОННЫЕ РЕСУРСЫ
Обозначение и объем ресурса Электрон. дан.
300 ## - ОБЩИЕ ПРИМЕЧАНИЯ
Текст примечания Загл. диска: Берел
337 ## - ПРИМЕЧАНИЕ О СИСТЕМНЫХ ТРЕБОВАНИЯХ (ЭЛЕКТРОННЫЕ РЕСУРСЫ)
Текст примечания Минимальные системные требования: Windows 98SE/ME/2000/XP ; Pentium III 1.5 ГТц ; 256 МБ ОЗУ ; 24x CD-ROM ; Клавиатура ; Мышь
517 1# - ДРУГИЕ ВАРИАНТЫ ЗАГЛАВИЯ
Вариант заглавия Берел
607 ## - ГЕОГРАФИЧЕСКОЕ НАИМЕНОВАНИЕ КАК ПРЕДМЕТ
Географическое наименование Берельский курган (Алтай)
Тематический подзаголовок Археологическое изучение
Системный номер авторитетной/нормативной записи 2461005
Идентификатор авторитетной/нормативной записи RU\NLR\auth\661462332
686 ## - ИНДЕКСЫ ДРУГИХ КЛАССИФИКАЦИЙ
Индекс Т4(2)275.11
702 #1 - ИМЯ ЛИЦА - ВТОРИЧНАЯ ОТВЕТСТВЕННОСТЬ
Начальный элемент ввода Гайдин
Часть имени, кроме начального элемента ввода О. М.
Расширение инициалов личного имени Олег Мстиславович
Код отношения Прочие
801 #0 - ИСТОЧНИК ЗАПИСИ
Страна российская федерация
Организация NLR
Дата составления 20060724
Правила каталогизации rcr
801 #1 - ИСТОЧНИК ЗАПИСИ
Страна российская федерация
Организация NLR
Дата составления 20060724
942 ## - ДОПОЛНИТЕЛЬНЫЕ ЭЛЕМЕНТЫ ЗАПИСИ (АБИС)
Тип экземпляра АБИС Книга
980 ## - КОЛЛЕКЦИЯ
Название коллекции Национальная библиография
Экземпляры
Тип экземпляра Дата поступления Источник поступления Стоимость Библиотека постоянного хранения Библиотека текущего хранения Место хранения Шифр хранения Штрих-код Статус не для выдачи
CD-ROM 24.07.2006 Дар 150.00 РНБ (Московский) РНБ (Московский) Фонд электронных документов на локальных носителях информации (Фонд электронных ресурсов) CD 2006-2/1758 1-249922